| 000 | 00986 am a2200229 a 4500 | ||
|---|---|---|---|
| 005 | 20231220133504.0 | ||
| 008 | 101006s2000||||ag d f |||| 000 0 spa d | ||
| 020 | _a9879823710 | ||
| 041 | _aspa | ||
| 092 |
_c610.7 _l2 _sAFA |
||
| 110 | 1 |
_aAFACIMERA. _91378 |
|
| 245 |
_aFormación de formadores. Metodología docente en Ciencias de la Salud. _bT.2 Programación de la enseñanza. Las clases teóricas. Uso de diapositivas y transparencias / _cAFACIMERA. |
||
| 250 | _a1a ed. | ||
| 260 |
_aBuenos Aires: _bAFACIMERA; _c2000. |
||
| 300 | _a101 p. | ||
| 500 | _aAFACIMERA. (2000) Formación de formadores. Metodología docente en Ciencias de la Salud. T.2 Programación de la enseñanza. Las clases teóricas. Uso de diapositivas y transparencias. (1a ed.) Buenos Aires : AFACIMERA. | ||
| 590 | _aAFACIMERA: Asociación de Facultades de Ciencias Medicas de la Republica Argentina. | ||
| 653 | _aCiencias Medicas | ||
| 653 | _aFormación docente | ||
| 930 | _a341 | ||
| 942 |
_2ddc _cBK |
||
| 999 |
_c791 _d791 |
||